000 00376nam a2200145Ia 4500
005 20240823064423.0
008 240823s9999||||xx |||||||||||||| ||und||
082 _A005.133 P6
100 _aDeitel H M [et al]
245 0 _aVisual Basic . NET
260 _c2006
_bPearson Education (Singapore)
500 _aYES
650 _aVisual Basic
_bComputer Science
942 _cNB
999 _c240670
_d240670